[Event "Leipzig VfB op 25th"]
[White "Graupner, Thomas"]
[Black "Witter, Jannes"]
[Site "Leipzig"]
[Round "4"]
[Result "1-0"]
[Date "2018.03.22"]
[WhiteElo "1827"]
[BlackElo "1727"]
[PlyCount "37"]
[EventDate "2018.03.20"]
[EventType "swiss"]
[EventRounds "9"]
[EventCountry "GER"]
[SourceTitle "CBM 183 Extra"]
[Source "ChessBase"]
[SourceDate "2018.04.19"]
[SourceVersion "1"]
[SourceVersionDate "2018.04.19"]
[SourceQuality "1"]

1. e4 e5 2. Nc3 Nc6 3. f4 exf4 4. Nf3 g5 5. Bc4 d6 6. h4 g4 7. Ng5 Ne5 8. Bb3 h6 9. d4 hxg5 10. dxe5 dxe5 11. Qe2 c6 12. Bd2 Qc7 13. 0-0-0 gxh4 14. Bxf4 exf4 15. e5 Qe7 16. Ne4 Bg7 17. Nd6+ Kf8 18. Nxf7 Rh5 19. Rd8+ 1-0

[Event "Leipzig VfB op 25th"]
[White "Reinsdorf, Christin"]
[Black "Witter, Jannes"]
[Site "Leipzig"]
[Round "2"]
[Result "1/2-1/2"]
[Date "2018.03.21"]
[WhiteElo "1866"]
[BlackElo "1727"]
[PlyCount "62"]
[EventDate "2018.03.20"]
[EventType "swiss"]
[EventRounds "9"]
[EventCountry "GER"]
[SourceTitle "CBM 183 Extra"]
[Source "ChessBase"]
[SourceDate "2018.04.19"]
[SourceVersion "1"]
[SourceVersionDate "2018.04.19"]
[SourceQuality "1"]

1. e4 e5 2. Nf3 Nc6 3. Nc3 Nf6 4. Bb5 d6 5. h3 a6 6. Bc4 Be6 7. Bb3 Na5 8. d3 Nxb3 9. axb3 c6 10. 0-0 Be7 11. Re1 0-0 12. Bd2 Qd7 13. Na4 Bd8 14. Be3 c5 15. Bd2 Re8 16. c4 b5 17. Nc3 Qb7 18. Qc2 b4 19. Ne2 Be7 20. Nh2 a5 21. f4 Bd7 22. fxe5 dxe5 23. Be3 Ra6 24. Nf3 Bd6 25. Ng3 h6 26. Qf2 Qc6 27. Nh4 Rc8 28. Rf1 Kh7 29. Nhf5 Bf8 30. Nh4 Be8 31. Nhf5 Bd7 1/2-1/2